| 000 | 01481nam a22003737a 4500 | ||
|---|---|---|---|
| 999 |
_c28151 _d28122 |
||
| 003 | EG-ScBUE | ||
| 005 | 20200219113341.0 | ||
| 008 | 200219m20162017ua o f b 000 0 ara d | ||
| 017 | _a2016 / 7894 | ||
| 017 | _a2017 / 9318 | ||
| 017 | _a2017 / 4061 | ||
| 020 | _a9789777261654 (volume 1) | ||
| 020 | _a9789777261937 (volume 2) | ||
| 020 | _a9789777262026 (volume 3) | ||
| 040 |
_aEG-ScBUE _bara _erda _cEG-ScBUE _dEG-ScBUE |
||
| 082 | 0 | 4 |
_a720.288 _bق ص ب _222 |
| 100 | 1 |
_aقصبي، السيد عبد الفتاح، _eمؤلف. |
|
| 245 | 1 | 2 |
_aالترميم الإنشائي للمباني الأثرية والتاريخية / _cأستاذ دكتور مهندس، السيد عبد الفتاح القصبي. |
| 250 | _aالطبعة الأولى. | ||
| 264 | 1 |
_aالقاهرة : _bدار الكتب العلمية للنشر والتوزيع، _c[2016-2017] |
|
| 300 |
_a3 مجلدات : _bصور ؛ _c30 سم |
||
| 336 |
_2rdacontent _aنص _btxt |
||
| 337 |
_2rdamedia _aبدون وسيط _bn |
||
| 338 |
_2rdacarrier _aمجلد _bnc |
||
| 504 | _aيشتمل على إرجاعات ببليوجرافية. | ||
| 505 | 0 | _aالمجلد الأول -- المجلد الثاني -- المجلد الثالث. | |
| 541 | _aBook Fair, 2020 | ||
| 650 | 7 |
_aالآثار _xترميم وصيانة. _2BUEsh |
|
| 650 | 7 |
_aالمباني التاريخية _2BUEsh |
|
| 651 | _2BUEsh | ||
| 653 |
_bENGARC _cFebruary2020 |
||
| 655 |
_vReading book _934232 |
||
| 942 | _2ddc | ||